Pharmacology and Pharmacotherapeutics
| Päätekijä: | |
|---|---|
| Aineistotyyppi: | Tuntematon |
| Kieli: | English |
| LEADER | 00244 a2200085 4500 | ||
|---|---|---|---|
| 008 | 240912b |||||||| |||| 00| 0 eng d | ||
| 100 | |a Satoskar, Bhandarkar and Aainepure |9 56684 | ||
| 245 | |a Pharmacology and Pharmacotherapeutics | ||
| 942 | |c BK |2 ddc | ||
| 999 | |c 46887 |d 46887 | ||